LIBRARY & INFORMATION CENTRE, KCAET, TAVANUR

ONLINE PUBLIC ACCESS CATALOGUE (OPAC)

Karshika keeta vinjanam / (Record no. 10849)

MARC details
000 -LEADER
fixed length control field 00725cam a2200289ua 4500
041 ## - LANGUAGE CODE
Language code of text/sound track or separate title mal
082 ## - DEWEY DECIMAL CLASSIFICATION NUMBER
Classification number 632.58
Item number GOP/KA
100 ## - MAIN ENTRY--AUTHOR NAME
Personal name Gopalakrishnan Nair, M.R .
245 ## - TITLE STATEMENT
Title Karshika keeta vinjanam /
260 ## - PUBLICATION, DISTRIBUTION, ETC. (IMPRINT)
Place of publication Thiruvananthapuram :
Name of publisher State Instititute of Languages ,
Year of publication 1971.
300 ## - PHYSICAL DESCRIPTION
Number of Pages 310 ; .
942 ## - ADDED ENTRY ELEMENTS (KOHA)
Koha item type Books
Holdings
Withdrawn status Lost status Damaged status Home library Current library Date acquired Full call number Accession Number Koha item type
      KAUAET KAUAET 07/04/2012 632.58 13479 Books
      KAUAET KAUAET 07/04/2012 632.58 13478 Books
      KAUAET KAUAET 07/04/2012 632.58 13758 Books
      KAUAET KAUAET 07/04/2012 632.58 13762 Books
      KAUAET KAUAET 07/04/2012 632.58 13764 Books
      KAUAET KAUAET 07/04/2012 632.58 13761 Books
      KAUAET KAUAET 07/04/2012 632.58 13765 Books
      KAUAET KAUAET 07/04/2012 632.58 13477 Books
Withdrawn   Damaged KAUAET KAUAET 07/04/2012 632.58 13763 Books
      KAUAET KAUAET 07/04/2012 632.58 13766 Books
Withdrawn     KAUAET KAUAET 07/04/2012 632.58 13759 Books
      KAUAET KAUAET 11/03/2022 632.58 GOP/KA 13760 Books
      KAUAET KAUAET 25/10/2023 632.58 GOP/KA 13757 Books
free website counter